ON THE CONVERGENCE OF □-PRIMITIVES

Bibliographic Details
Main Authors: Ewert, Janina (Author), Stanislav P. Ponomarev (Author)
Format: Article
Language:English

MARC

LEADER 00000nab a2200000uu 4500
001 vtls011450714
003 SK-MaSNL
005 20260303151313.0
008 230222|2003 xo |||||||||||||||||eng|
015 |a SNBRB 
035 |a (urnnbn)urn:nbn:sk:snk:ar-006jzz 
035 |a (uuid)93b6149b-32fe-494a-ab74-19bd479ea72d 
035 |a urn:nbn:sk:snk-abcmu9 
040 |a SNKBUCL  |b slo  |c SNKBUCL  |e AACR2 
041 0 |a eng 
044 |a xo  |c SK 
100 1 |a Ewert, Janina  |4 aut  |9 1170703 
245 1 0 |a ON THE CONVERGENCE OF □-PRIMITIVES  |c Janina Ewert, Stanislav P. Ponomarev 
700 1 |a Stanislav P. Ponomarev  |4 aut  |9 1170704 
773 0 |t Mathematica Slovaca  |g Roč. 53, č. 1 (2003), s. 59-66 
958 |a OND 
958 |a EUIPO 
958 |a article16 
999 |c 2017019  |d 2018949